| 000 | 00000nam##2200000za#4500 |
| 001 | 9.560471 |
| 003 | CaOODSP |
| 005 | 20210624173401 |
| 007 | cr ||||||||||| |
| 008 | 150406|2006||||xxc|||||o f|0| 0 eng|d |
| 020 | |a0-662-43092-1 |
| 040 | |aCaOODSP|beng |
| 043 | |an-cn--- |
| 086 | 1 |aCH3-2/12-2006E-PDF |
| 110 | 1 |aCanada. |bCanadian Heritage. |
| 245 | 14|aThe Canadian Heritage approach to official languages support (1970-2003) |h[electronic resource] |
| 260 | |aOttawa - Ontario : |bCanadian Heritage |cc2006. |
| 300 | |a70p.|bgraphs, map, tables |
| 490 | 1 |aNew Canadian perspectives |
| 504 | |aBibliography. |
| 520 | 3 |aThis multidisciplinary research series offers current information and many reference sources on all aspects of official languages in Canada. |
| 590 | |a11-26-Supp|b2011-11-03 |
| 690 | 07|aOfficial languages promotion|2gcpds |
| 775 | 08|tAppui aux langues officielles : |w(CaOODSP)9.593146 |
| 776 | 0#|tThe Canadian Heritage approach to official languages support (1970-2003) |w(CaOODSP)9.542882 |
| 776 | 0#|tAppui aux langues officielles - approche du Ministère du patrimoine canadien (1970-2003) |w(CaOODSP)9.542883 |
| 830 | #0|aNew Canadian perspectives.|w(CaOODSP)9.504868 |
| 856 | 40|ahttp://publications.gc.ca|qPDF|s1.47 MB|uhttps://publications.gc.ca/collections/collection_2011/pc-ch/CH3-2-12-2006-eng.pdf |